Balkaniques célèbres par images - Statistiques

Statistiques générales
  • Ce quiz a été pris 202 fois
  • Le résultat moyen est 7 sur 16
Statistiques - réponses
Par images Réponse % Correct
Novak Djokovic
90%
Luka Modric
83%
Nikola Tesla
76%
Mère Térésa
63%
Melania Trump
62%
Dua Lipa
61%
Josip Broz Tito
52%
Nikola Jokić
48%
Luka Dončić
47%
Tadej Pogačar
32%
Slobodan Milošević
21%
Gaspard Proust
15%
Marin Cilic
13%
Hristo Stoitchkov
11%
Enver Hoxha
9%
Spartacus
3%
Aucun quiz correspondant
Distribution des résultats
% des personnes avec chaque résultat
Percentile par nombre de réponses
Votre historique - résultats
Vous n’avez pas pris ce quiz